000 005210000a22001810004500
003 MACL
005 20160407163410.0
008 160407b xxu||||| |||| 00| 0 eng d
040 _aMACL
_cMACL
041 _aHindi
082 _a510
100 _aरीमा पाराशर
_919663
245 _aगणित की मनोरंजक पहेलियां
260 _bविज्ञान लोक
_c1998
_aदिल्‍ली
350 _a90
650 _aMathmatics
_951106
942 _cHIN
_k510
_2ddc
999 _c9206
_d9206